000 00247nam a2200109Ia 4500
008 220204s9999 xx 000 0 und d
082 _a082.09
_bBEE
100 _aBeer, Gillian
245 0 _aRomance
260 _aLondon
_bMethuen
_c1970
942 _cBK
999 _c34143
_d34143